Name a Disney/Pixar Movie A-Z - Statistics

General Stats
  • This quiz has been taken 52,736 times
    51,782 since last reset
  • The average score is 13 of 20
Answer Stats
Letter Film % Correct
C Cinderella | Chicken Little | Cars | Cars 2 | Cars 3 | Coco
92%
B Bambi | The Black Cauldron | Beauty and the Beast | Brother Bear | Bolt | Big Hero 6 | A Bug's Life | Brave
90%
T The Three Caballeros | Tarzan | Treasure Planet | Tangled | Toy Story | Toy Story 2 | Toy Story 3 | Toy Story 4 | Turning Red
86%
F Fantasia | Fun and Fancy Free | The Fox and the Hound | Fantasia 2000 | Frozen | Frozen 2 | Finding Nemo | Finding Dory
82%
L Lady and the Tramp | The Little Mermaid | The Lion King | Lilo & Stitch | Luca | Lightyear
82%
M Make Mine Music | Melody Time | The Many Adventures of Winnie the Pooh | Mulan | Meet the Robinsons | Moana | Monsters, Inc. | Monsters University
79%
A The Adventures of Ichabod and Mr. Toad | Alice in Wonderland | The Aristocats | Aladdin | Atlantis: The Lost Empire
79%
S Snow White and the Seven Dwarfs | Saludos Amigos | Sleeping Beauty | The Sword in the Stone | Soul | Strange World
77%
P Pinocchio | Peter Pan | Pocahontas | The Princess and the Frog
76%
W Winnie the Pooh | WALL-E | Wreck-It Ralph | Wish
62%
D Dumbo | Dinosaur
56%
R Raya and the Last Dragon | Robin Hood | The Rescuers | The Rescuers Down Under | Ralph Breaks the Internet | Ratatouille
54%
E The Emperor's New Groove | Encanto | Elemental | Elio
54%
I The Incredibles | Inside Out | Incredibles 2 | Inside Out 2
54%
Z Zootopia
51%
U Up
48%
H The Hunchback of Notre Dame | Hercules | Home on the Range
46%
O One Hundred and One Dalmatians | Oliver & Company | Onward
41%
J The Jungle Book
39%
G The Great Mouse Detective | The Good Dinosaur
22%
No matching quizzes found
Score Distribution
Percent of People with Each Score
Percentile by Number Answered
Your Score History
You have not taken this quiz since the last reset